| 000 | 00685nam a22001937a 4500 | ||
|---|---|---|---|
| 005 | 20230921122817.0 | ||
| 010 | _aENG-138222 | ||
| 020 |
_a9788119042548 _c480.00 |
||
| 035 | _aEN-121754 | ||
| 037 | _bDBAD/PUB | ||
| 082 | _a500 | ||
| 245 |
_aInternational Conference on Emerging Trends in Science, Technology, Engineering & Management '23 / _cEdited by K. Pounraj and J. Vivek |
||
| 260 |
_aTamil Nadu _bShanlax Publications _c2023 |
||
| 270 |
_a61,66 T.P.K. Main Road, Vasantha Nagar, Madurai _bTamil Nadu _e625003 |
||
| 300 |
_a206 p. _c29cm(pbk) |
||
| 700 |
_aPounraj, K. _eEditor _956915 |
||
| 700 |
_aVivek, J. _eEditor _957262 |
||
| 942 |
_2ddc _cEN _h500 _mINT |
||
| 999 |
_c198507 _d198507 |
||